El cacique Tambohuacso : (Record no. 1412)

000 -CABECERA
fixed length control field 01049nam a22002057a 4500
003 - IDENTIFICADOR DEL NÚMERO DE CONTROL
control field AR-CdUCM
008 - DATOS DE LONGITUD FIJA--INFORMACIÓN GENERAL
fixed length control field 190227b ||||| |||| 00| 0 spa d
040 ## - FUENTE DE LA CATALOGACIÓN
Agencia/entidad que catalogó originalmente la obra MUNICIPALIDAD PROVINCIAL DEL CUSCO
Entidad que transcribió la catalogación BIBLIOTECA MUNICIPAL DEL CUSCO
082 ## - NÚMERO DE LA CLASIFICACIÓN DECIMAL DEWEY
No. de Clasificación 985.6103 /
Notacion interna AN61
100 ## - ENTRADA PRINCIPAL--NOMBRE DE PERSONA
Nombre Personal Angles Vargas, Victor
245 ## - MENCIÓN DE TÍTULO
Título El cacique Tambohuacso :
Resto del título historia de un proyectado levantamiento contra la dominación española /
260 ## - PUBLICACIÓN, DISTRIBUCIÓN, ETC.
Lugar de publicación, distribución, etc. Lima :
Nombre de la editorial, distribuidor, etc. Industrialgrafica s.a,
Fecha de publicación, distribución, etc. 1975.
300 ## - DESCRIPCIÓN FÍSICA
Nº de Páginas Extensión 176 páginas ;
Dimensiones 20.5 cm.
505 ## - NOTA DE CONTENIDO CON FORMATO
Nota de contenido formateada La resistencia inicial de los nativos americanos contra el invasor -- Los nativos y la primera guerra independiente en el Perú -- Túpaj Amaru I y su actitud altiva frente a los españoles y a la muerte -- La provincia de Quispicanchi y los prolegómenos del levantamiento proyectado por Tambohuacso -- Cusco, ciudad donde se inmoló a los mártires ...
650 ## - PUNTO DE ACCESO ADICIONAL DE MATERIA--TÉRMINO DE MATERIA
Descriptor Idelfonso Castillo
9 (RLIN) 5366
650 ## - PUNTO DE ACCESO ADICIONAL DE MATERIA--TÉRMINO DE MATERIA
Descriptor Bernardo Tambohuacso
9 (RLIN) 5367
650 ## - PUNTO DE ACCESO ADICIONAL DE MATERIA--TÉRMINO DE MATERIA
Descriptor Independencia
9 (RLIN) 625
942 ## - ELEMENTOS DE PUNTO DE ACCESO ADICIONAL (KOHA)
Fuente de clasificación
Tipo de item Libros-BMC
945 ## - PROCESAMIENTO DE INFORMACIÓN LOCAL (OCLC)
Catalogador afb
AAAA-MM-DD - Fecha de ingreso o modificacion 2019-02-27
Holdings
Estado de retiro (separado) Fuente de clasificación o esquema de estanterías Estado dañado Ubicación Sala donde se ubica Nombre de la colección Fecha de adquisición o compra Costo, precio normal en soles Signatura topográfica Código de Barras Última vez visto (Koha) Tipo de ítem (Koha)
No     Sala Humanidades Sala Humanidades Book Cart 2019-02-27 24.00 985.6103 / AN61 SH0000001386 2019-02-27 Libros-BMC
No     Sala Humanidades Sala Humanidades Book Cart 2019-02-27 24.00 985.6103 / AN61 /e.2 SH0000001387 2019-02-27 Libros-BMC
No     Sala Humanidades Sala Humanidades Book Cart 2019-05-15 24.00 985.6103 / AN61 /e.3 SH0000013998 2019-05-15 Libros-BMC

Powered by Koha